Secret Hints #1 - Statistics

General Stats
  • This quiz has been taken 23 times
  • The average score is 6 of 10
Answer Stats
Hint Answer % Correct
1. Every Square Number has answer B B
94%
6. Every Blank Question with a larger number than 6 has answer A B
69%
9. Question 6 is B B
69%
3. The Answer to this question is in the Thumbnail for the Quiz C
63%
8. 2 and 7 have the same answers. D
63%
4. B
50%
5.The Answer to this is equal to the amount of minutes you start with /3 in A=1 Z=26 C
50%
10. A
44%
2. A
38%
7. The Part Number has the answer B A
38%
No matching quizzes found
Score Distribution
Percent of People with Each Score
Percentile by Number Answered
Your Score History
You have not taken this quiz